Escenas de América (Record no. 242)

MARC details
000 -CABECERA
campo de control de longitud fija 01137nam a2200277 a 4500
001 - NÚMERO DE CONTROL
campo de control BRCA_300
005 - FECHA Y HORA DE LA ÚLTIMA TRANSACCIÓN
campo de control 20190320202943.0
008 - DATOS DE LONGITUD FIJA--INFORMACIÓN GENERAL
campo de control de longitud fija 950301s1981 mx-h---###---#000-0#spa-u
041 ## - CÓDIGO DE LENGUA
Código de lengua del texto/banda sonora o título independiente spa
044 ## - CÓDIGO DEL PAÍS DE LA ENTIDAD EDITORA/PRODUCTORA
Código MARC del país mx
050 #4 - SIGNATURA TOPOGRÁFICA DE LA BIBLIOTECA DEL CONGRESO
Número de clasificación E141
Número de documento/Ítem .E83 1981
245 10 - MENCIÓN DE TÍTULO
Título Escenas de América
Resto del título De Bry-Grabadores, Francfort del Meno. 1601
Mención de responsabilidad, etc. editor Mario de la Torre ; textos de Miguel Angel Fernández.
260 ## - PUBLICACIÓN, DISTRIBUCIÓN, ETC.
Lugar de publicación, distribución, etc. México
Nombre del editor, distribuidor, etc. Cartón y Papel de México
Fecha de publicación, distribución, etc. 1981
300 ## - DESCRIPCIÓN FÍSICA
Extensión 94 p.
Otras características físicas il.(algunas a color), hojas plegables, mapas
Dimensiones 34 cm.
500 ## - NOTA GENERAL
Nota general Facsímil de: Francfurt del Meno, por Wolfgang Richtern, 1601
500 ## - NOTA GENERAL
Nota general Incluye una selección de ilustraciones de los trabajos de Teodoro de Bry y sus descendientes
500 ## - NOTA GENERAL
Nota general Bibliografía: p. 22.
546 ## - NOTA DE LENGUA/LENGUAJE
Nota de lengua/lenguaje Texto en inglés, alemán y español.
650 14 - PUNTO DE ACCESO ADICIONAL DE MATERIA--TÉRMINO DE MATERIA
Término de materia o nombre geográfico como elemento de entrada Indígenas
Subdivisión general Trabajos Ilustrados
9 (RLIN) 1005
650 14 - PUNTO DE ACCESO ADICIONAL DE MATERIA--TÉRMINO DE MATERIA
Término de materia o nombre geográfico como elemento de entrada América
Subdivisión general Trabajos Ilustrados
Subdivisión cronológica Cuentas tempranas a 1600
9 (RLIN) 1006
650 14 - PUNTO DE ACCESO ADICIONAL DE MATERIA--TÉRMINO DE MATERIA
Término de materia o nombre geográfico como elemento de entrada América
Subdivisión general Descubrimiento y exploración
9 (RLIN) 1007
700 1# - PUNTO DE ACCESO ADICIONAL--NOMBRE DE PERSONA
Nombre de persona Bry, Teodoro de
Fechas asociadas al nombre 1528-1598
9 (RLIN) 1008
700 1# - PUNTO DE ACCESO ADICIONAL--NOMBRE DE PERSONA
Nombre de persona Torre, Mario de la
9 (RLIN) 1009
700 1# - PUNTO DE ACCESO ADICIONAL--NOMBRE DE PERSONA
Nombre de persona Fernández, Miguel Angel
9 (RLIN) 1010
942 ## - ELEMENTOS DE PUNTO DE ACCESO ADICIONAL (KOHA)
Fuente del sistema de clasificación o colocación Library of Congress Classification
Tipo de ítem Koha Libros
Holdings
Estado de retiro Estado de pérdida Estado dañado No para préstamo Localización permanente Ubicación/localización actual Fecha de adquisición Total de préstamos Signatura topográfica completa Código de barras Fecha visto por última vez Precio válido a partir de Tipo de ítem Koha
El ejemplar forma parte de la colección y puede ser consultado según las políticas vigentes.       Biblioteca del Museo Franz Mayer (Rogerio Casas-Alatriste) Biblioteca del Museo Franz Mayer (Rogerio Casas-Alatriste) 25/06/2008   E141 .E83 1981 00146 22/03/2019 22/03/2019 Libros